000 00887nam a2200181Ia 4500
008 100920s9999 xx 000 0 und d
082 _b63281
_a61 थ 59
100 _aढेरे रामचंद्र चिंतामण.
245 _aश्रीगुरु गोरक्षनाथ चरित्र आणि परंपरा.
260 _bवोरा ऍण्ड कंपनी पब्लिशर्स प्रा. लि., मंुबई 2.
_c1959
300 _a244
_bसाधी
365 _b5.5
520 _aस्थानिक वाचन.
630 _aश्रीगुरु गोरक्षनाथ चरित्र आणि परंपरा.
650 _aस्थानिक वाचन.
730 _aश्रीगुरु गोरक्षनाथ चरित्र आणि परंपरा.
942 _cBOOK
999 _c706362
_d706359